000 00296nam a2200121 i 4500
001 bg
245 0 _aLaboratorium wytrzymałości materiałów /
_cpod red. K. Sobiesiaka.
260 _aLublin,
_c1985.
040 _cBPK
041 _apol
942 _cKS
008 s pl f |000 0 pol
999 _c3135
_d3135
856 _uhttp://koha.tu.koszalin.pl/cgi-bin/koha/opac-detail.pl?biblionumber=3135
_yKatalog online BPK